| 000 | 00386nam a2200145Ia 4500 | ||
|---|---|---|---|
| 020 | _a9.7893712636e+012 | ||
| 082 |
_a343.5405 _bSIN/S |
||
| 100 | _a20260330u\\\\\\\\\\\y0engy0103\\\\ba | ||
| 100 | _aSinghania, Vinod K. | ||
| 245 | 0 | _aStudents' Guide to GST & Customs Law | |
| 250 | _a14th | ||
| 260 |
_aNew Delhi _bTaxmann Publication Pvt Ltd _c2026 |
||
| 300 | _a321p. | ||
| 942 | _cBK | ||
| 999 |
_c52411 _d52411 |
||